| 000 | 00000nam##2200000za#4500 |
| 001 | 9.571339 |
| 003 | CaOODSP |
| 005 | 20210624182657 |
| 007 | cr ||||||||||| |
| 008 | 150406|2005||||xxc|||||o f|0| 0 eng|d |
| 040 | |aCaOODSP|beng |
| 043 | |an-cn--- |
| 086 | 1 |aTU3-5/05-14E-PDF |
| 110 | 2 |aTransportation Safety Board of Canada. |
| 245 | 10|aEngine failure-- fuel starvation, Air Canada Boeing 767-375, C-FCAG, Santiago, Chile, 180 nm North, 02 January 2005 |h[electronic resource] |
| 260 | |aGatineau - Quebec : |bTransportation Safety Board of Canada |c[2005]. |
| 300 | |a12p. |
| 490 | 1 |aAviation investigation report |vA05F0001 |
| 500 | |a"The Board authorized the release of this report on 23 November 2005."--p.9 of 12. |
| 590 | |a12-19-Supp|b2012-04-30 |
| 775 | 08|tPanne moteur par manque de carburant du Boeing 767-375 C-FCAG exploité par Air Canada à 180 nm au nord de Santiago (Chili), le 2 janvier 2005 |w(CaOODSP)9.601954 |
| 830 | #0|aAviation investigation report ;|vA05F0001|w(CaOODSP)9.504825 |
| 856 | 40|ahttp://publications.gc.ca|qPDF|s137 KB|uhttps://publications.gc.ca/collections/collection_2011/bst-tsb/TU3-5-05-14-eng.pdf|yA05F0001 |